000 01064nam a22002657a 4500
005 20240530110351.0
008 141223s2009 ua g b 00| 0 ara d
017 _a2008/14623
_bمصر . دار الكتب المصرية
020 _a9771757143
040 _aEG-CaGPL
041 0 _aara
082 0 4 _221
_a341.758\
_bع أ
100 0 _aعبدالرحيم عنتر عبدالرحمن
245 1 0 _aاثر اتفاقية التريبس على الصناعة الدوائية /
_cعبدالرحيم عنتر عبدالرحمن
250 _aط1
260 _aالاسكندرية :
_bدار الفكر الجامعى ،
_c2009
300 _a520 ص ؛
_c24 سم
504 _aببليوجرافية : ص 467 - 520
650 0 4 _aالادوية
_xصناعة وتجارة
650 0 4 _aالادوية
_xصناعة وتجارة
_xقوانين وتشريعات
650 0 4 _aالادوية
_xصناعة وتجارة
_xاتفاقية التريبس
650 0 4 _aالادوية
_xمعايير
942 _2ddc
_cBK
999 _c60067
_d60067